| 000 | 00427nam a2200145 4500 | ||
|---|---|---|---|
| 999 |
_c509293 _d509293 |
||
| 008 | 190429b ||||| |||| 00| 0 eng d | ||
| 100 |
_aSaikia, Dilip _94918 |
||
| 245 | _aRural unorganised manufacturing sector in Assam in the post-reforms period | ||
| 260 | _c2018 | ||
| 300 | _ap.226- | ||
| 700 |
_aGogoi, Uddipana _94919 |
||
| 773 | _aProductivity | ||
| 906 | _aManufacturing industry - India - Assam | ||
| 942 |
_2ddc _cAR |
||